Welcome to the Holygrace Academy Library

Please use search bar below to get started

ASTROSAURS (Record no. 6062)

MARC details
000 -LEADER
fixed length control field 00596nam a22001457a 4500
020 ## - INTERNATIONAL STANDARD BOOK NUMBER
ISBN 978-1-862-30582-3
082 ## - DEWEY DECIMAL CLASSIFICATION NUMBER
Classification number 823
Item number LOL/A
100 ## - MAIN ENTRY--AUTHOR NAME
Personal name COLE, STEVE
245 ## - TITLE STATEMENT
Title ASTROSAURS
Remainder of title DAY OF THE DINO-DROIDS
260 ## - PUBLICATION, DISTRIBUTION, ETC. (IMPRINT)
Place of publication UNITED KINGDOM
Name of publisher RED FOX
Year of publication 2006
300 ## - PHYSICAL DESCRIPTION
Number of Pages 129
520 ## - SUMMARY, ETC.
Summary, etc DINOSAURS . . . IN SPACE! Meet Captain Teggs Stegosaur and the crew of the amazing spaceship DSS Sauropod as the ASTROSAURS fight evil across the galaxy! The Sauropod is sucked through a black hole - and on the other side, nothing is what it seems. ...
650 ## - SUBJECT ADDED ENTRY--TOPICAL TERM
Topical Term ADVENTURE STORY
Geographic subdivision UNITED KINGDOM
942 ## - ADDED ENTRY ELEMENTS (KOHA)
Koha item type Books
Holdings
Withdrawn status Lost status Collection code Home library Current library Shelving location Date acquired Source of acquisition Full call number Accession Number Koha item type
    Fiction Main Library Main Library SHELF 15 H-HARRY POTTER(CHARACTERISATION),WIMPY KID,DORK DIARIES 01/10/2019 purchase 823 LOL/A 11523 Books